[Event "SS Manhem GM and Elo tournaments 2017"]
[Site "Mölnlycke kulturhus, Bibliot"]
[Date "2017.08.16"]
[Round "6.7"]
[White "Holmgren, Björn"]
[Black "Hattab, Hashim"]
[Result "1-0"]
[WhiteElo "2023"]
[BlackElo "1885"]
[PlyCount "89"]
[EventDate "2017.08.12"]

1. e4 d6 2. d4 Nf6 3. f3 g6 4. Be3 c6 5. Qd2 h5 6. c4 Na6 7. Nc3 c5 8. dxc5
Nxc5 9. e5 Nfd7 10. exd6 exd6 11. O-O-O Ne6 12. Nb5 Ne5 13. Nh3 Nc7 14. Nxd6+
Bxd6 15. Qxd6 Qxd6 16. Rxd6 Bxh3 17. gxh3 Rc8 18. Bd4 Nxc4 19. Bxc4 Nb5 20.
Re1+ Kf8 21. Rd8+ Rxd8 22. Bxh8 Rc8 23. b3 Nd6 24. Kb2 Nxc4+ 25. bxc4 Rxc4 26.
Re4 Rc5 27. Bd4 Rb5+ 28. Kc3 Ra5 29. Kb3 b6 30. a4 Rg5 31. f4 Rg2 32. Bf6 Rxh2
33. h4 Rh3+ 34. Kc4 Rf3 35. Kb5 g5 36. fxg5 Rf5+ 37. Ka6 Ra5+ 38. Kb7 Kg8 39.
Bc3 Rc5 40. Bb4 Rd5 41. Kxa7 b5 42. a5 f5 43. gxf6 Rf5 44. Be7 Kf7 45. a6 1-0

[Event "SS Manhem GM and Elo tournaments 2017"]
[Site "Mölnlycke kulturhus, Bibliot"]
[Date "2017.08.16"]
[Round "6.8"]
[White "Möller, Mikael"]
[Black "Svensson, Anders"]
[Result "1-0"]
[WhiteElo "1948"]
[BlackElo "1726"]
[PlyCount "135"]
[EventDate "2017.08.12"]

1. e4 c5 2. Nf3 g6 3. d3 Bg7 4. g3 Nf6 5. Bg2 O-O 6. O-O d5 7. Nbd2 dxe4 8.
dxe4 Nc6 9. c3 h6 10. Qc2 Be6 11. Nb3 Qb6 12. Be3 Ng4 13. Bf4 g5 14. Bc1 a5 15.
h3 a4 16. Nbd2 Nge5 17. Rd1 Rfd8 18. Bf1 Bb3 19. axb3 axb3 20. Nxb3 Nxf3+ 21.
Kg2 Rxa1 22. Rxd8+ Qxd8 23. Kxf3 Ne5+ 24. Kg2 Ra8 25. Nxc5 Qc7 26. Be3 Rd8 27.
Be2 e6 28. Qb3 b6 29. Na4 Rb8 30. Qb5 Qb7 31. f3 Nd7 32. b4 Bf8 33. c4 Qc7 34.
f4 Bd6 35. fxg5 Bxg3 36. gxh6 Bf4 37. h7+ Kh8 38. Bxf4 Qxf4 39. Qxd7 Qxe4+ 40.
Bf3 Qg6+ 41. Kf2 Qc2+ 42. Be2 Qf5+ 43. Bf3 Qc2+ 44. Ke1 Qb1+ 45. Ke2 Qc2+ 46.
Ke3 Qc1+ 47. Qd2 Qg1+ 48. Ke2 Qh2+ 49. Kd1 Qxd2+ 50. Kxd2 Kxh7 51. c5 bxc5 52.
bxc5 f5 53. Nb6 e5 54. Bd5 Kg7 55. Kc3 Rh8 56. Bg2 e4 57. Kd4 Kf6 58. c6 Rd8+
59. Kc5 Rd2 60. Bf1 Ke7 61. c7 Rd8 62. cxd8=Q+ Kxd8 63. Kd5 Ke7 64. Ke5 Kf7 65.
Kxf5 e3 66. Nd5 Kg7 67. Kg5 Kf7 68. Nxe3 1-0

[Event "SS Manhem GM and Elo tournaments 2017"]
[Site "Mölnlycke kulturhus, Bibliot"]
[Date "2017.08.16"]
[Round "6.9"]
[White "Orci, Istvan"]
[Black "Wesslén, Ulf"]
[Result "1/2-1/2"]
[WhiteElo "1561"]
[BlackElo "1947"]
[PlyCount "83"]
[EventDate "2017.08.12"]

1. d4 d5 2. Nf3 e6 3. e3 Nf6 4. Bd3 b6 5. c4 Bb7 6. O-O Be7 7. b3 O-O 8. Bb2
Nbd7 9. cxd5 Nxd5 10. Nc3 N7f6 11. Nxd5 exd5 12. Rc1 Ne4 13. Ne5 Qd6 14. Qc2 c5
15. dxc5 bxc5 16. Bxe4 dxe4 17. Rfd1 Bd5 18. Nc4 Qe6 19. Nd2 Rac8 20. Nc4 Rfd8
21. h3 Qa6 22. Be5 Qe6 23. Bb2 f5 24. Qe2 Bg5 25. Ba3 f4 26. exf4 Bxf4 27. Ne3
Bb7 28. Qc4 Qxc4 29. Rxd8+ Rxd8 30. bxc4 Rd2 31. Bxc5 Rxa2 32. g3 Be5 33. Rd1
Bc6 34. Rd8+ Kf7 35. Rd1 a5 36. Bd4 Bc7 37. Nd5 Bd8 38. Ne3 Bg5 39. Ra1 Bxe3
40. fxe3 Rxa1+ 41. Bxa1 g6 42. Bd4 1/2-1/2

[Event "SS Manhem GM and Elo tournaments 2017"]
[Site "Mölnlycke kulturhus, Bibliot"]
[Date "2017.08.16"]
[Round "6.10"]
[White "Bjureblad, Martin"]
[Black "Johansson, Eva"]
[Result "0-1"]
[WhiteElo "1607"]
[BlackElo "1924"]
[PlyCount "116"]
[EventDate "2017.08.12"]

1. e4 d6 2. f4 Nf6 3. Nc3 g6 4. Nf3 Bg7 5. Bc4 O-O 6. d4 Nxe4 7. Nxe4 d5 8.
Bxd5 Qxd5 9. Nf2 c5 10. dxc5 Qxc5 11. O-O Nc6 12. Kh1 Bf5 13. c3 Qb5 14. a4 Qb6
15. Qe2 Rad8 16. Be3 Qc7 17. Rfd1 Bh6 18. g4 Be6 19. g5 Bg7 20. h4 Rxd1+ 21.
Rxd1 Bb3 22. Ra1 e5 23. fxe5 Nxe5 24. Nxe5 Qxe5 25. c4 Qe6 26. c5 Re8 27. Ng4
Bc4 28. Qd1 Qe4+ 29. Kg1 Bd5 30. Kf2 Qg2+ 31. Ke1 Qg3+ 32. Kd2 Bf3 33. Nh6+
Bxh6 34. Qg1 Qxg1 35. Rxg1 Bg7 36. b4 Be4 37. Bf4 Rd8+ 38. Bd6 Bf8 39. Ke3 Bc2
40. Bxf8 Kxf8 41. a5 Ba4 42. Ke4 Bc6+ 43. Ke3 a6 44. Rg4 Ke7 45. Rf4 Rd1 46.
Ke2 Rd5 47. Re4+ Kd7 48. Rf4 Rf5 49. Rd4+ Bd5 50. Ke3 Kc6 51. Kd3 Rf3+ 52. Kc2
Rh3 53. Rf4 Kb5 54. Rd4 Be6 55. Rd6 Kxb4 56. Rb6+ Kxc5 57. Rxb7 Rxh4 58. Rc7+
Kb5 0-1

[Event "SS Manhem GM and Elo tournaments 2017"]
[Site "Mölnlycke kulturhus, Bibliot"]
[Date "2017.08.16"]
[Round "7.6"]
[White "Svensson, Anders"]
[Black "Bengtsson, Jonas"]
[Result "1/2-1/2"]
[WhiteElo "1726"]
[BlackElo "2082"]
[PlyCount "102"]
[EventDate "2017.08.12"]

1. e4 c5 2. Nf3 e6 3. d4 cxd4 4. Nxd4 Nf6 5. Nc3 d6 6. Be3 a6 7. Be2 Qc7 8. a4
Nc6 9. O-O Be7 10. f4 O-O 11. Kh1 Re8 12. Bf3 Na5 13. Qe1 Nc4 14. b3 Nxe3 15.
Qxe3 e5 16. Nde2 Bd7 17. Rad1 b5 18. axb5 axb5 19. Qd3 b4 20. Nd5 Nxd5 21. exd5
Bf6 22. Be4 h6 23. fxe5 Rxe5 24. Ng3 Rae8 25. Rd2 Qc3 26. Rdf2 Qxd3 27. cxd3
R8e7 28. Ra2 Bh4 29. Ra8+ Re8 30. Ra7 R5e7 31. Rb7 Bxg3 32. hxg3 f5 33. Bxf5
Bxf5 34. Rxe7 Rxe7 35. Rxf5 Re1+ 36. Kh2 Rb1 37. Rf4 Rxb3 38. Rc4 Rb1 39. Rc6
b3 40. Rxd6 b2 41. Rb6 h5 42. d6 Kf7 43. Rb7+ Ke6 44. d7 Ke7 45. d4 Kd8 46. g4
h4 47. g5 g6 48. d5 Ke7 49. d6+ Kd8 50. g3 hxg3+ 51. Kg2 Rd1 1/2-1/2

[Event "SS Manhem GM and Elo tournaments 2017"]
[Site "Mölnlycke kulturhus, Bibliot"]
[Date "2017.08.16"]
[Round "7.7"]
[White "Wesslén, Ulf"]
[Black "Holmgren, Björn"]
[Result "0-1"]
[WhiteElo "1947"]
[BlackElo "2023"]
[PlyCount "30"]
[EventDate "2017.08.12"]

1. d4 Nf6 2. c4 d6 3. Nc3 e5 4. e3 e4 5. Qc2 Bf5 6. f4 d5 7. cxd5 Nxd5 8. Nxd5
Qxd5 9. Qxc7 Bb4+ 10. Bd2 Bxd2+ 11. Kxd2 Nc6 12. Ne2 Qb5 13. Ke1 Qxb2 14. Rc1
O-O 15. Qd6 Nb4 0-1

[Event "SS Manhem GM and Elo tournaments 2017"]
[Site "Mölnlycke kulturhus, Bibliot"]
[Date "2017.08.16"]
[Round "7.8"]
[White "Johansson, Eva"]
[Black "Möller, Mikael"]
[Result "0-1"]
[WhiteElo "1924"]
[BlackElo "1948"]
[PlyCount "124"]
[EventDate "2017.08.12"]

1. d4 f5 2. Nf3 Nf6 3. g3 e6 4. Bg2 Be7 5. O-O O-O 6. c4 d6 7. Nc3 Qe8 8. Re1
Nc6 9. d5 Nd8 10. dxe6 Nxe6 11. Nd5 Bd8 12. Nd4 Nc5 13. f3 Qf7 14. Nc2 Be6 15.
Nce3 Nh5 16. b3 c6 17. Nc3 Bc7 18. f4 Rad8 19. Qc2 Bb6 20. Kf1 Rfe8 21. Bf3 Bc8
22. Ned1 Nf6 23. Nf2 Qg6 24. e3 d5 25. b4 Nce4 26. Ncxe4 fxe4 27. Bg2 Bf5 28.
c5 Bc7 29. Bb2 Qh5 30. Kg1 Qg6 31. Bd4 h5 32. Nh1 Kf7 33. Qf2 Rh8 34. h3 Rh6
35. Kf1 Re8 36. a4 Bd8 37. Rab1 Rhh8 38. Red1 Ng8 39. b5 Bd7 40. Qa2 Ne7 41.
bxc6 Bxc6 42. Kf2 Nf5 43. Rb4 Nxg3 44. Nxg3 Bh4 45. Kf1 Qxg3 46. Rdb1 Re7 47.
Qe2 Qg6 48. R1b2 Rf8 49. Be5 Rd7 50. Bd4 Kg8 51. Qd1 Qf5 52. Ke2 g5 53. Be5
Qxe5 54. fxe5 Rf2+ 55. Ke1 Rxb2+ 56. Kf1 Rxb4 57. e6 Re7 58. Qxh5 Rb1+ 59. Ke2
Be8 60. Qh6 Rb2+ 61. Kf1 Rf2+ 62. Kg1 Rh7 0-1

[Event "SS Manhem GM and Elo tournaments 2017"]
[Site "Mölnlycke kulturhus, Bibliot"]
[Date "2017.08.16"]
[Round "7.9"]
[White "Degerfeldt, Sven"]
[Black "Orci, Istvan"]
[Result "1-0"]
[WhiteElo "1950"]
[BlackElo "1561"]
[PlyCount "62"]
[EventDate "2017.08.12"]

1. d4 d5 2. c4 e6 3. Nc3 Be7 4. cxd5 exd5 5. Bf4 c6 6. e3 Nf6 7. Bd3 O-O 8. h3
h6 9. Nf3 Bd6 10. Ne5 Qe7 11. g4 Nfd7 12. Nxd7 Nxd7 13. Bxd6 Qxd6 14. Qf3 Re8
15. O-O-O Nf6 16. Rhg1 g5 17. Rg3 Kg7 18. Rh1 Be6 19. Qg2 Kf8 20. Rf1 Ng8 21.
f4 f6 22. Rgf3 Ke7 23. fxg5 fxg5 24. Bg6 Rf8 25. Qf2 Rxf3 26. Qxf3 Kd7 27. Kb1
Kc7 28. Bd3 b5 29. Qf2 a5 30. Bxb5 Rb8 31. Bd3 c5 1-0

[Event "SS Manhem GM and Elo tournaments 2017"]
[Site "Mölnlycke kulturhus, Bibliot"]
[Date "2017.08.16"]
[Round "7.10"]
[White "Hattab, Hashim"]
[Black "Bjureblad, Martin"]
[Result "1-0"]
[WhiteElo "1885"]
[BlackElo "1607"]
[PlyCount "105"]
[EventDate "2017.08.12"]

1. d4 d5 2. c4 e6 3. Nc3 Nf6 4. Nf3 c5 5. e3 Nc6 6. cxd5 Nxd5 7. Bd3 cxd4 8.
exd4 Be7 9. O-O O-O 10. Ne4 f5 11. Nc3 Bf6 12. Bc4 Nxc3 13. bxc3 Na5 14. Bd3
Qc7 15. Bd2 b6 16. Qe2 Re8 17. Bxf5 Bb7 18. Bd3 h6 19. Rfe1 Bd5 20. Ne5 Bxe5
21. Qxe5 Qxe5 22. Rxe5 Nc6 23. Re3 Na5 24. Rg3 g5 25. h4 Nc4 26. Bc1 Rac8 27.
hxg5 hxg5 28. Bxg5 Kf7 29. f3 Nd6 30. Bd2 Rh8 31. Rg5 Rcg8 32. Kf2 Rf8 33. Re1
Bc6 34. Bg6+ Kf6 35. Bd3 Be8 36. Rge5 Bd7 37. Bg5+ Kf7 38. c4 Re8 39. Bf4 Rh4
40. g4 Rh3 41. Rg5 Ke7 42. Rg7+ Nf7 43. Bg6 Rf8 44. Bg5+ Ke8 45. d5 Rh2+ 46.
Kg3 Rxa2 47. dxe6 Bxe6 48. Rxe6+ Kd7 49. Re7+ Kc6 50. Bxf7 a5 51. Be3 Rd8 52.
Bd5+ Kd6 53. Re6# 1-0

[Event "SS Manhem GM and Elo tournaments 2017"]
[Site "Mölnlycke kulturhus, Bibliot"]
[Date "2017.08.17"]
[Round "8.6"]
[White "Möller, Mikael"]
[Black "Bengtsson, Jonas"]
[Result "1/2-1/2"]
[WhiteElo "1948"]
[BlackElo "2082"]
[PlyCount "66"]
[EventDate "2017.08.12"]

1. e4 c5 2. Nf3 e6 3. g3 d5 4. Nc3 Nc6 5. Bg2 Nf6 6. exd5 exd5 7. O-O d4 8.
Re1+ Be7 9. Nb5 O-O 10. d3 Bg4 11. h3 Be6 12. a4 Nd5 13. Ne5 Nxe5 14. Rxe5 a6
15. Na3 Bf6 16. Re1 Qd7 17. h4 Qxa4 18. c4 Qxd1 19. Rxd1 Nb4 20. Bxb7 Rab8 21.
Be4 Be5 22. f4 Bg4 23. Rd2 Bc7 24. Nc2 a5 25. Nxb4 Rxb4 26. Kf2 Re8 27. Rc2 f5
28. Bd5+ Kf8 29. Bg2 Re6 30. Bf1 Rb8 31. Bd2 Rbe8 32. Re1 h6 33. Rcc1 Rxe1
1/2-1/2

[Event "SS Manhem GM and Elo tournaments 2017"]
[Site "Mölnlycke kulturhus, Bibliot"]
[Date "2017.08.17"]
[Round "8.7"]
[White "Johansson, Eva"]
[Black "Hattab, Hashim"]
[Result "1-0"]
[WhiteElo "1924"]
[BlackElo "1885"]
[PlyCount "104"]
[EventDate "2017.08.12"]

1. d4 Nf6 2. c4 g6 3. Nf3 Bg7 4. Nc3 O-O 5. g3 d6 6. Bg2 Nbd7 7. O-O c6 8. h3
Qa5 9. Qd3 e5 10. e3 Re8 11. Nd2 a6 12. Nce4 d5 13. Nxf6+ Nxf6 14. dxe5 Rxe5
15. cxd5 Nxd5 16. Nc4 Nb4 17. Qd1 Qc5 18. Qd8+ Bf8 19. Nxe5 Qxe5 20. e4 b5 21.
a3 Nc2 22. Rb1 Nd4 23. Be3 Ne6 24. Qd2 c5 25. Qd5 Qb8 26. e5 Ra7 27. f4 Rd7 28.
Qf3 Rd3 29. Qe2 c4 30. Kh2 h5 31. Rbd1 Rb3 32. Rd2 h4 33. gxh4 Be7 34. f5 Qxe5+
35. Bf4 Qxf5 36. Bb8 Qc5 37. h5 gxh5 38. Qf2 Qxf2 39. Rdxf2 Nd8 40. Be5 Be6 41.
Rf3 Rxf3 42. Bxf3 h4 43. Be4 a5 44. Rd1 f5 45. Bd5 Bxd5 46. Rxd5 Nc6 47. Bc7 b4
48. Bxa5 c3 49. bxc3 bxa3 50. Bb4 a2 51. Rd1 Nxb4 52. cxb4 Bf6 1-0

[Event "SS Manhem GM and Elo tournaments 2017"]
[Site "Mölnlycke kulturhus, Bibliot"]
[Date "2017.08.17"]
[Round "8.8"]
[White "Bjureblad, Martin"]
[Black "Wesslén, Ulf"]
[Result "0-1"]
[WhiteElo "1607"]
[BlackElo "1947"]
[PlyCount "55"]
[EventDate "2017.08.12"]

1. e4 Nf6 2. Nc3 d5 3. exd5 Nxd5 4. Nxd5 Qxd5 5. Nf3 g6 6. Be2 Bg7 7. c3 c5 8.
O-O O-O 9. d4 cxd4 10. Nxd4 a6 11. Bf3 Qa5 12. Re1 e5 13. Nb3 Qc7 14. Be3 Nd7
15. Qc1 Re8 16. Bh6 Bh8 17. g4 Nf8 18. Kg2 Bd7 19. Nd2 Ne6 20. h4 Bc6 21. Ne4
f5 22. gxf5 gxf5 23. Ng3 Bxf3+ 24. Kxf3 Qc6+ 25. Ke2 Rad8 26. Rg1 Kf7 27. Ke1
Nf4 28. Bg5 0-1

[Event "SS Manhem GM and Elo tournaments 2017"]
[Site "Mölnlycke kulturhus, Bibliot"]
[Date "2017.08.17"]
[Round "8.9"]
[White "Holmgren, Björn"]
[Black "Degerfeldt, Sven"]
[Result "1-0"]
[WhiteElo "2023"]
[BlackElo "1950"]
[PlyCount "53"]
[EventDate "2017.08.12"]

1. e4 c5 2. Nf3 d6 3. d4 cxd4 4. Nxd4 Nf6 5. Nc3 a6 6. Bg5 e6 7. f4 Be7 8. Qf3
Qc7 9. O-O-O Nbd7 10. Bd3 b5 11. Rhe1 Bb7 12. Nd5 Nxd5 13. exd5 Ne5 14. fxe5
Bxg5+ 15. Kb1 dxe5 16. Nxe6 fxe6 17. Qh5+ Qf7 18. Qxg5 Bxd5 19. Rf1 Qe7 20.
Qh5+ Kd8 21. Rf7 Qc5 22. Qg5+ Kc8 23. Qxg7 Rd8 24. Rdf1 Bc6 25. Rc7+ Kb8 26.
Be4 Qf2 27. Rb7+ 1-0

[Event "SS Manhem GM and Elo tournaments 2017"]
[Site "Mölnlycke kulturhus, Bibliot"]
[Date "2017.08.17"]
[Round "8.10"]
[White "Orci, Istvan"]
[Black "Svensson, Anders"]
[Result "0-1"]
[WhiteElo "1561"]
[BlackElo "1726"]
[PlyCount "118"]
[EventDate "2017.08.12"]

1. d4 Nf6 2. Bf4 g6 3. Nc3 Bg7 4. e4 d6 5. Qd2 c5 6. dxc5 dxc5 7. Qxd8+ Kxd8 8.
O-O-O+ Ke8 9. Bb5+ Bd7 10. Bxd7+ Nbxd7 11. f3 Nh5 12. Bd2 e6 13. Nge2 h6 14.
Nb5 Ke7 15. Bc3 Bxc3 16. Nbxc3 Ne5 17. b3 c4 18. h3 cxb3 19. axb3 Rhc8 20. Kb2
g5 21. Rhf1 Rc7 22. g4 Nf6 23. Nb5 Rd7 24. Rxd7+ Nfxd7 25. Nbd4 a6 26. f4 gxf4
27. Rxf4 Rd8 28. Rf1 Nc5 29. c3 Nxe4 30. Kc2 Rc8 31. Re1 Nc6 32. Nxc6+ bxc6 33.
Nd4 Nf6 34. Nf5+ Kf8 35. Nxh6 Kg7 36. g5 Nd5 37. Ng4 Nf4 38. Nf2 Rh8 39. Ra1
Nxh3 40. Nxh3 Rxh3 41. Rxa6 Kg6 42. Rxc6 Kxg5 43. b4 e5 44. Kd2 e4 45. b5 e3+
46. Ke2 f5 47. b6 f4 48. b7 Rh2+ 49. Kd3 Rd2+ 50. Kc4 Rb2 51. Rc5+ Kg4 52. Rb5
Rxb5 53. Kxb5 e2 54. b8=Q e1=Q 55. Qg8+ Kf3 56. c4 Qb1+ 57. Kc6 Qe4+ 58. Qd5
Ke3 59. Kd6 Qxd5+ 0-1

[Event "SS Manhem GM and Elo tournaments 2017"]
[Site "Mölnlycke kulturhus, Bibliot"]
[Date "2017.08.18"]
[Round "9.6"]
[White "Svensson, Anders"]
[Black "Holmgren, Björn"]
[Result "0-1"]
[WhiteElo "1726"]
[BlackElo "2023"]
[PlyCount "64"]
[EventDate "2017.08.12"]

1. e4 c5 2. Nf3 d6 3. d4 cxd4 4. Nxd4 Nf6 5. Nc3 g6 6. Be2 Bg7 7. O-O Nc6 8.
Nb3 O-O 9. Bg5 a5 10. a4 Be6 11. Kh1 Qc8 12. f4 Rd8 13. Bf3 Nb4 14. Nd5 Bxd5
15. exd5 Qxc2 16. Qxc2 Nxc2 17. Rac1 Rdc8 18. Bxf6 Bxf6 19. Bg4 Rc4 20. Be2 Rb4
21. Rf3 Nd4 22. Nxd4 Rxd4 23. Rc7 Rxd5 24. Rxb7 Rc8 25. Rf1 Rd2 26. Bf3 Rxb2
27. Rxb2 Bxb2 28. Bd1 Rc1 29. g3 e6 30. Kg2 d5 31. Rf2 Rxd1 32. Rxb2 Ra1 0-1

[Event "SS Manhem GM and Elo tournaments 2017"]
[Site "Mölnlycke kulturhus, Bibliot"]
[Date "2017.08.18"]
[Round "9.7"]
[White "Bengtsson, Jonas"]
[Black "Orci, Istvan"]
[Result "1-0"]
[WhiteElo "2082"]
[BlackElo "1561"]
[PlyCount "73"]
[EventDate "2017.08.12"]

1. d4 d5 2. c4 e6 3. Nc3 Be7 4. cxd5 exd5 5. Bf4 c6 6. e3 Bd6 7. Bg3 Ne7 8. Bd3
Bf5 9. Nge2 Bxg3 10. hxg3 Bxd3 11. Qxd3 Ng6 12. b4 Nd7 13. b5 Nb6 14. bxc6 bxc6
15. O-O O-O 16. Rfc1 Nc4 17. e4 Na5 18. Rab1 dxe4 19. Nxe4 Ne5 20. Qa6 Nec4 21.
Rxc4 Nxc4 22. Qxc4 Qd5 23. Qxd5 cxd5 24. N4c3 Rfd8 25. Rb5 Rab8 26. Rxb8 Rxb8
27. Nxd5 Rb1+ 28. Kh2 Rb2 29. Ndc3 f6 30. g4 Kf7 31. d5 a5 32. Kg3 Ke7 33. Kf4
Kd6 34. g5 fxg5+ 35. Kxg5 a4 36. Kf5 a3 37. f4 1-0

[Event "SS Manhem GM and Elo tournaments 2017"]
[Site "Mölnlycke kulturhus, Bibliot"]
[Date "2017.08.18"]
[Round "9.8"]
[White "Hattab, Hashim"]
[Black "Möller, Mikael"]
[Result "0-1"]
[WhiteElo "1885"]
[BlackElo "1948"]
[PlyCount "112"]
[EventDate "2017.08.12"]

1. d4 f5 2. c4 Nf6 3. Nc3 e6 4. Nf3 Be7 5. g3 O-O 6. Bg2 d6 7. O-O Qe8 8. Re1
Qg6 9. e4 Nxe4 10. Nxe4 fxe4 11. Nd2 d5 12. cxd5 exd5 13. Qb3 Qf7 14. f3 Bf6
15. fxe4 Bxd4+ 16. Kh1 dxe4 17. Qa4 c5 18. Nxe4 Bd7 19. Qa3 Bc6 20. Bf4 Nd7 21.
Rf1 Qg6 22. Qb3+ Kh8 23. Ng5 Bxg2+ 24. Kxg2 Qc6+ 25. Kh3 h6 26. Nf7+ Kh7 27.
Rae1 Rae8 28. Rxe8 Rxe8 29. Nd6 Rf8 30. Qe6 Nf6 31. Qe7 Qd7+ 32. Qxd7 Nxd7 33.
Rb1 g5 34. Bd2 Rf2 35. Bc3 Bxc3 36. bxc3 b6 37. Ne4 Re2 38. Rd1 Ne5 39. Nf6+
Kg7 40. Rd6 Rxa2 41. Nh5+ Kf7 42. Rf6+ Ke7 43. Rxh6 Rxh2+ 44. Kxh2 Ng4+ 45. Kg2
Nxh6 46. Kf3 a5 47. Ke4 a4 48. Kd3 a3 49. Kc2 b5 50. Kb3 b4 51. c4 Kf7 52. Ka2
Kg6 53. g4 Nxg4 54. Ng3 Nf2 55. Kb3 g4 56. Ne2 Kf5 0-1

[Event "SS Manhem GM and Elo tournaments 2017"]
[Site "Mölnlycke kulturhus, Bibliot"]
[Date "2017.08.18"]
[Round "9.9"]
[White "Wesslén, Ulf"]
[Black "Johansson, Eva"]
[Result "1/2-1/2"]
[WhiteElo "1947"]
[BlackElo "1924"]
[PlyCount "44"]
[EventDate "2017.08.12"]

1. Nf3 Nf6 2. g3 e6 3. Bg2 d5 4. O-O c5 5. d3 Nc6 6. Nbd2 Be7 7. c3 O-O 8. e4
Qc7 9. Qe2 dxe4 10. dxe4 e5 11. Nc4 b6 12. Ne3 a5 13. Nd5 Nxd5 14. exd5 Ba6 15.
c4 Nd4 16. Nxd4 cxd4 17. b3 Rab8 18. Re1 f6 19. Qg4 Bc8 20. Qe4 Bd6 21. Bb2 Bd7
22. Rad1 Rbe8 1/2-1/2

[Event "SS Manhem GM and Elo tournaments 2017"]
[Site "Mölnlycke kulturhus, Bibliot"]
[Date "2017.08.18"]
[Round "9.10"]
[White "Degerfeldt, Sven"]
[Black "Bjureblad, Martin"]
[Result "1-0"]
[WhiteElo "1950"]
[BlackElo "1607"]
[PlyCount "35"]
[EventDate "2017.08.12"]

1. d4 d5 2. c4 e6 3. Nc3 Nf6 4. Nf3 c5 5. e3 Nc6 6. a3 a6 7. dxc5 Bxc5 8. b4
Be7 9. cxd5 Nxd5 10. Nxd5 exd5 11. Bb2 O-O 12. Be2 Be6 13. O-O Qc7 14. Qd2 Rad8
15. Rac1 h6 16. Nd4 Rd6 17. b5 Qa5 18. Bc3 1-0